000 00729nam a2200217Ii 4500
003 JO-AjNU
008 230605s9999||||xx |||||||||||||| ||und||
017 _a1988/3487
020 _a977-10-0207-0
040 _aJO-AjNU
_bara
_erda
_cJO-AjNU
041 _aara
050 1 4 _aPJ7840.A7.Z6837 1988
100 3 _aتأليف حرب، محمد الغزالي,
_eauthor
_938122
245 0 0 _aعلي الجارم باحثا وأديبا
264 3 1 _aالقاهرة:دار الفكر العربي،1988
300 _a233ص
336 _atext
_btxt
_2rdacontent
337 _aunmediated
_bn
_2rdamedia
338 _avolume
_bnc
_2rdacarrier
650 4 _aالأدب العربي - الأدباء المصريون - تراجم
_938123
999 _aA15990
_c19558
_d19558